ბათუმის შოთა რუსთაველის სახელმწიფო უნივერსიტეტის ბიბლიოთეკა

The yearbook of courage and serenity. (ბიბ.ჩანაწერი № 46955)

000 -LEADER
fixed length control field 00503nam a2200217Ia 4500
001 - CONTROL NUMBER
control field 13809
003 - CONTROL NUMBER IDENTIFIER
control field GE_BSU
008 - FIXED-LENGTH DATA ELEMENTS--GENERAL INFORMATION
fixed length control field 181216s||||||||xx |||||||||||||| ||und||
020 ## - INTERNATIONAL STANDARD BOOK NUMBER
International Standard Book Number 0718135601
040 ## - CATALOGING SOURCE
Transcribing agency GE_BSU
080 ## - UNIVERSAL DECIMAL CLASSIFICATION NUMBER
Universal Decimal Classification number 821.111-1
100 ## - MAIN ENTRY--PERSONAL NAME
Personal name Haddon,Celia.
245 #4 - TITLE STATEMENT
Title The yearbook of courage and serenity.
260 ## - PUBLICATION, DISTRIBUTION, ETC.
Place of publication, distribution, etc. London.
260 ## - PUBLICATION, DISTRIBUTION, ETC.
Name of publisher, distributor, etc. Michael Joseph.
260 ## - PUBLICATION, DISTRIBUTION, ETC.
Date of publication, distribution, etc. 1992
300 ## - PHYSICAL DESCRIPTION
Extent 144p;18cm.
300 ## - PHYSICAL DESCRIPTION
Other physical details ill.
653 ## - INDEX TERM--UNCONTROLLED
Uncontrolled term The yearbook of courage and serenity.
942 ## - ADDED ENTRY ELEMENTS (KOHA)
Koha item type წიგნი
ეგზემპლარები
Withdrawn status Lost status Damaged status Not for loan Date acquired Barcode Date last seen Price effective from Koha item type
        2018-12-17 36866 2018-12-17 2018-12-17 წიგნი